000 00822nam a2200193Ii 4500
003 JO-AjNU
008 230605s9999||||xx |||||||||||||| ||und||
040 _aJO-AjNU
_bara
_erda
_cJO-AjNU
041 _aara
050 1 4 _aPN6519.A7.A2 1900
100 3 _aعابدين، عبد المجيد,
_eauthor
_914543
245 0 0 _aالأمثال في النثر العربي القديم مع مقارنتها بنظائرها في الآداب السامية الأخرى
264 3 1 _aالإسكندرية: دار المعرفة الجامعية، 1900
300 _a214ص
336 _atext
_btxt
_2rdacontent
337 _aunmediated
_bn
_2rdamedia
338 _avolume
_bnc
_2rdacarrier
650 4 _a الأمثال العربية - الأدب الشعبي العربي - النثر العربي - تاريخ ونقد
_914544
999 _aA3903
_c7471
_d7471